Zeitmarken der Erde (Record no. 28302)

MARC details
000 -LEADER
fixed length control field 00743cam a22002531 4500
001 - CONTROL NUMBER
control field gs 48000309
003 - CONTROL NUMBER IDENTIFIER
control field DLC
005 - DATE AND TIME OF LATEST TRANSACTION
control field 20260227111354.0
008 - FIXED-LENGTH DATA ELEMENTS--GENERAL INFORMATION
fixed length control field 831117s1948 xx 000 0 ger
010 ## - LIBRARY OF CONGRESS CONTROL NUMBER
LC control number gs 48000309
035 ## - SYSTEM CONTROL NUMBER
System control number (OCoLC)14025932
040 ## - CATALOGING SOURCE
Original cataloging agency DLC
Transcribing agency PSt
Modifying agency DLC
042 ## - AUTHENTICATION CODE
Authentication code premarc
050 00 - LIBRARY OF CONGRESS CALL NUMBER
Classification number QE651
Item number .S5
100 1# - MAIN ENTRY--PERSONAL NAME
Personal name Simon, Wilhelm
245 10 - TITLE STATEMENT
Title Zeitmarken der Erde
Remainder of title Grund und Grenze geologischer Forschung
260 ## - PUBLICATION, DISTRIBUTION, ETC.
Place of publication, distribution, etc. Braunschweig
Name of publisher, distributor, etc. F.R. Vieweg
Date of publication, distribution, etc. 1948
300 ## - PHYSICAL DESCRIPTION
Extent 232 p.
Other physical details illus., fold. plate
Dimensions 21 cm.
490 1# - SERIES STATEMENT
Series statement Die Wissenschaft
Volume/sequential designation Bd. 98
504 ## - BIBLIOGRAPHY, ETC. NOTE
Bibliography, etc. note Bibliographical footnotes
650 #0 - SUBJECT ADDED ENTRY--TOPICAL TERM
Topical term or geographic name entry element Geology, Stratigraphic
650 #0 - SUBJECT ADDED ENTRY--TOPICAL TERM
Topical term or geographic name entry element Paleontology
830 #0 - SERIES ADDED ENTRY--UNIFORM TITLE
Uniform title Wissenschaft (Braunschweig, Germany) ;
Volume/sequential designation Bd. 98.

No items available.

Powered by Koha